|
|
|
|
| LEADER |
01072nam a2200289 a 4500 |
| 001 |
14800 |
| 003 |
BD-DhAAL |
| 008 |
100204s2000 ohu 001 0 eng d |
| 999 |
|
|
|c 7326
|d 7326
|
| 010 |
|
|
|a 99027838
|
| 020 |
|
|
|a 032401208X
|
| 040 |
|
|
|a DLC
|c DLC
|d DLC
|d DB-DhAAL
|
| 082 |
0 |
0 |
|a 658.1511
|2 22
|
| 100 |
1 |
|
|a Louderback, Joseph G.
|9 40132
|
| 245 |
1 |
0 |
|a Managerial accounting /
|c Joseph G. Louderback III, Jay Holmen, Geraldine F. Dominiak.
|
| 250 |
|
|
|a Ninth edition
|
| 260 |
|
|
|a Cincinnati, Ohio :
|b South-Western College Publ.,
|c c2000.
|
| 300 |
|
|
|a ixi, 879 pages ;
|c 27 cm.
|
| 500 |
|
|
|a Dominiak's name appears first in previous edition.
|
| 504 |
|
|
|a Includes index.
|
| 541 |
1 |
|
|e 00014800
|
| 650 |
|
0 |
|a Managerial accounting.
|9 40133
|
| 700 |
1 |
|
|a Dominiak, Geraldine F.
|9 40134
|
| 700 |
1 |
|
|a Holmen, Jay,
|d 1955-
|9 40135
|
| 852 |
4 |
|
|a Ayesha Abed Library
|j General Stacks
|
| 942 |
|
|
|2 ddc
|c BK
|
| 952 |
|
|
|0 0
|1 0
|2 ddc
|4 0
|6 658_150000000000000_LOU_2000
|7 0
|9 7782
|a BRACUL
|b BRACUL
|c GEN
|d 2010-02-04
|l 6
|m 44
|o 658.15 LOU
|p 3010014800
|r 2024-05-13
|s 2024-04-29
|t 1
|w 2010-02-04
|y BK
|